000 00980cad a22002415a 4500
001 L153308
008 110708s2011 xxkd f 000 0 eng d
035 _a(Sirsi) u153308
041 0 _aeng
050 0 4 _a338.4569 $2 18
110 2 _aFederation of Master Builders
_9465
245 0 0 _aFMB state of trade survey
_bsecond quarter 2011
_h[electronic resource]
260 _aLondon
_bFMB
_c2011
490 0 _aFMB State of Trade Survey
_vSecond Quarter 2011
520 _aConstruction workloads declined for a 14th consecutive quarter in Q2 2011; further fall in enquiries; employment prospects deteriorate.
521 2 _aAdvanced
590 _aKA
650 2 4 _aFEDERATION OF MASTER BUILDERS STATE OF TRADE SURVEY
651 4 _aUnited Kingdom
_y
690 _aBUILT ENVIRONMENT-CONSTRUCTION MARKET
856 4 0 _uhttps://www.fmb.org.uk/information-and-help/publications/state-of-trade-survey/?entryid24=237338
_zView the survey free of charge at www.fmb.org.uk
942 _n0
999 _c112462
_d112462